İSLAMİ GELENEKTE EĞİTİM AHLAKI 5 (Record no. 759568)

MARC details
000 -LEADER
sabit uzunluktaki kontrol alanı 00290nam a2200097Ia 4500
001 - KONTROL NUMARASI
kontrol alanı 759568
005 - EN SON İŞLEMİN TARİH VE ZAMANI
kontrol alanı 20250826164918.0
008 - SABİT-UZUNLUKTA VERİ ÖĞELERİ--GENEL BİLGİ
sabit uzunluktaki kontrol alanı 250824s9999 xx 000 0 und d
245 #0 - ESER / YAZAR
ESER ADI İSLAMİ GELENEKTE EĞİTİM AHLAKI 5
Yazar Adı TÜRKİYE DİYANET VAKFI
260 ## - YAYIN, DAĞITIM, VB.
YAYIN EVİ TÜRKİYE DİYANET VAKFI YAYINLARI
Holdings
Düşüm durumu Kayıp durumu Hasar Durumu Ödünç verilmez Ana kütüphane Geçerli Kütüphane Edinilen tarih Toplam ödünç verme sayısı Barkod Son görüntüleme tarihi Son ödünç verme tarihi Fiyatın geçerli olmaya başladığı tarih Koha materyal türü
        BOSNA HERSEK ANADOLU İMAM HATİP LİSESİ BOSNA HERSEK ANADOLU İMAM HATİP LİSESİ 24.08.2025 2 10354619 26.03.2026 25.03.2026 26.08.2025 Books